Адмiнiстративна карта Киïвской области (Запись № 13470458)

Подробности
000 -МАРКЕР
контрольное поле 01477nem0a2200313 4500
001 - ИДЕНТИФИКАТОР ЗАПИСИ
контрольное поле RU\NLR\BIBL_A\022666140
005 - ИДЕНТИФИКАТОР ВЕРСИИ
контрольное поле 20260409065143.0
035 ## - ДРУГИЕ СИСТЕМНЫЕ НОМЕРА
Идентификатор записи (NLR Aleph) 022666140
100 ## - ДАННЫЕ ОБЩЕЙ ОБРАБОТКИ
Данные общей обработки 20251114d1932 m y0rusy50 ca
101 0# - ЯЗЫК РЕСУРСА
Язык текста, звукозаписи и т.д. украинский
102 ## - СТРАНА ПУБЛИКАЦИИ ИЛИ ПРОИЗВОДСТВА
Страна публикации российская федерация
120 ## - ПОЛЕ КОДИРОВАННЫХ ДАННЫХ: КАРТОГРАФИЧЕСКИЕ МАТЕРИАЛЫ - ОБЩИЕ ХАРАКТЕРИСТИКИ
Кодированные данные о картографическом материале (общие) byy xx||
123 1# - ПОЛЕ КОДИРОВАННЫХ ДАННЫХ: КАРТОГРАФИЧЕСКИЕ МАТЕРИАЛЫ - МАСШТАБ И КООРДИНАТЫ
Тип масштаба a
Постоянное отношение линейного горизонтального масштаба 504000
200 1# - ЗАГЛАВИЕ И СВЕДЕНИЯ ОБ ОТВЕТСТВЕННОСТИ
Основное заглавие Адмiнiстративна карта Киïвской области
Общее обозначение материала Карты
Первые сведения об ответственности Склад. Й.Й. Фiало; Ред. П.Р. Тимошок
206 ## - ОБЛАСТЬ СПЕЦИФИЧЕСКИХ СВЕДЕНИЙ: КАРТОГРАФИЧЕСКИЕ МАТЕРИАЛЫ - МАТЕМАТИЧЕСКИЕ ДАННЫЕ
Сведения о математических данных 1:504 000, [ок. 5 км в 1 см]
210 ## - ПУБЛИКАЦИЯ, РАСПРОСТРАНЕНИЕ И ДР.
Место издания, распространения и т.д. Киïв
Имя издателя, распространителя и т. д. Вид-во Всеукраïнськоi Академii наук
Дата издания, распространения и т.д. 1932
215 ## - ФИЗИЧЕСКАЯ ХАРАКТЕРИСТИКА
Специфическое обозначение материала и объем 1 к.
Другие сведения о физической характеристике цв.
Размеры 102х82 см
300 ## - ОБЩИЕ ПРИМЕЧАНИЯ
Текст примечания Укр.
327 1# - ПРИМЕЧАНИЯ О СОДЕРЖАНИИ
Текст примечания Доп карты: УССР. Киïвска облась у складi УССР; Районування та спецiялiзацiя сiльского господарства Киïвской области; Природнi райони Киïвской области.
509 0# - ЗАГОЛОВОК -СТРУКТУРИРОВАННОЕ ГЕОГРАФИЧЕСКОЕ ИЛИ ТЕМАТИЧЕСКОЕ НАИМЕНОВАНИЕ
-- rus
Географическое / тематическое наименование – начальный элемент ввода Киевская
Географический термин область
Идентифицирующий признак – географическая принадлежность Украина
Графика поля Кириллица
Идентификатор авторитетной / нормативной записи RU\NLR\AUTH\5509758
Системный номер авторитетной/нормативной записи 2672551
607 ## - ГЕОГРАФИЧЕСКОЕ НАИМЕНОВАНИЕ КАК ПРЕДМЕТ
Географическое наименование Киевская область (Украина)
Формальный подзаголовок Карты
Системный номер авторитетной/нормативной записи 1173723
Идентификатор авторитетной/нормативной записи RU\NLR\AUTH\66153736
608 ## - ФОРМА, ЖАНР, ФИЗИЧЕСКИЕ ХАРАКТЕРИСТИКИ ДОКУМЕНТА КАК ТОЧКА ДОСТУПА
Начальный элемент ввода Административные карты
Идентификатор авторитетной/нормативной записи RU\NLR\AUTH\667834
Системный номер авторитетной/нормативной записи 901648
702 #1 - ИМЯ ЛИЦА - ВТОРИЧНАЯ ОТВЕТСТВЕННОСТЬ
Начальный элемент ввода Тимошок
Часть имени, кроме начального элемента ввода П.Р.
Код отношения Редактор
702 #1 - ИМЯ ЛИЦА - ВТОРИЧНАЯ ОТВЕТСТВЕННОСТЬ
Начальный элемент ввода Фiало
Часть имени, кроме начального элемента ввода Й.Й.
Код отношения Составитель
852 ## - МЕСТОНАХОЖДЕНИЕ И ШИФР ХРАНЕНИЯ
Идентификатор организации NLR
Наименование фонда или коллекции (Sub-Location Identifier) К
Шифр хранения (Call Number) 4-Укр 4/53
Идентификатор единицы 3721
Номер экземпляра 50464
942 ## - ДОПОЛНИТЕЛЬНЫЕ ЭЛЕМЕНТЫ ЗАПИСИ (АБИС)
Тип экземпляра АБИС Карта
980 ## - КОЛЛЕКЦИЯ
Название коллекции Национальная библиография

Нет доступных экземпляров.